[Event "Scarborough CC Spring/Summer U1400"]
[Site "Toronto CAN"]
[Date "2013.06.13"]
[Round "3"]
[White "Pishdad, Hassan"]
[Black "Wu, Dee"]
[Result "0-1"]
[WhiteElo "1200"]
[BlackElo "1096"]
[PlyCount "126"]
[GameId "2160767909347774"]
[EventDate "2013.05.23"]
[EventType "swiss"]
[EventRounds "6"]
[EventCountry "CAN"]

1. d4 Nf6 2. c4 e6 3. Nf3 d5 4. cxd5 exd5 5. Nc3 Bb4 6. e3 Nc6 7. Bd3 Bg4 8. a3 Ba5 9. b4 Bb6 10. Be2 a6 11. O-O O-O 12. Qc2 Bxf3 13. Bxf3 Ne7 14. Na4 Ba7 15. Bb2 c6 16. e4 dxe4 17. Bxe4 Ned5 18. Rad1 Qd6 19. g3 Rae8 20. Bxd5 Qxd5 21. Nc5 Re7 22. Rfe1 Rfe8 23. Rxe7 Rxe7 24. Bc1 Ng4 25. h3 Nf6 26. Be3 Bb8 27. Nd3 Ba7 28. Nc5 h6 29. Kh2 Qh5 30. Kg2 Qd5+ 31. Kg1 Ne4 32. Rd3 Ng5 33. h4 Nf3+ 34. Kf1 Nh2+ 35. Ke1 Qh1+ 36. Kd2 Nf3+ 37. Kc3 Ne1 38. Rd1 Nxc2 39. Rxh1 Nxe3 40. fxe3 Rxe3+ 41. Kd2 Rxg3 42. a4 Bxc5 43. dxc5 Rb3 44. b5 axb5 45. axb5 Rxb5 46. Rc1 f5 47. Kd3 Kf7 48. Kc4 g5 49. h5 Kf6 50. Rd1 g4 51. Rd6+ Kg5 52. Rd2 Kxh5 53. Rh2+ Kg5 54. Kd4 h5 55. Re2 h4 56. Re8 Kf4 57. Rh8 h3 58. Rh4 Kg3 59. Rh5 f4 60. Ke4 h2 61. Rh7 Rxc5 62. Rxb7 h1=Q+ 63. Kd4 Qd5# 0-1

[Event "Scarborough CC Spring/Summer U1400"]
[Site "Toronto CAN"]
[Date "2013.06.20"]
[Round "4"]
[White "Pishdad, Hassan"]
[Black "Gangolli, Rahul"]
[Result "1-0"]
[WhiteElo "1200"]
[BlackElo "942"]
[PlyCount "41"]
[GameId "2160767909347776"]
[EventDate "2013.05.23"]
[EventType "swiss"]
[EventRounds "6"]
[EventCountry "CAN"]

1. d4 d5 2. c4 Nc6 3. e3 b6 4. Nc3 Bb7 5. cxd5 Nb4 6. Qa4+ Bc6 7. dxc6 e6 8. a3 b5 9. Nxb5 a6 10. Nc3 Nf6 11. axb4 Bd6 12. Bd3 O-O 13. Ne4 e5 14. dxe5 Bxe5 15. Qc2 g6 16. Nf3 Re8 17. Rxa6 Rb8 18. Bd2 Nxe4 19. Nxe5 Rxe5 20. Bxe4 f5 21. Bf3 1-0

[Event "Scarborough CC Spring/Summer U1800"]
[Site "Toronto CAN"]
[Date "2013.06.20"]
[Round "4"]
[White "Li, William"]
[Black "Dattani, Dinesh"]
[Result "1-0"]
[WhiteElo "1339"]
[BlackElo "1412"]
[PlyCount "82"]
[GameId "2160767909347777"]
[EventDate "2013.05.23"]
[EventType "swiss"]
[EventRounds "6"]
[EventCountry "CAN"]

1. e4 e5 2. Nf3 Nc6 3. Bc4 Nf6 4. d3 Bc5 5. Be3 Bxe3 6. fxe3 O-O 7. Nbd2 h6 8. O-O d5 9. exd5 Nxd5 10. Qe2 Be6 11. c3 Qd6 12. Ne4 Qd7 13. Nc5 Qd6 14. Nxb7 Qe7 15. d4 Nxe3 16. Qxe3 Bxc4 17. Rfe1 Rab8 18. Nc5 Rxb2 19. Nxe5 Nxe5 20. dxe5 Bd5 21. Ne4 f5 22. exf6 Qxe4 23. Qxe4 Bxe4 24. Rxe4 Rxf6 25. Rf1 Rxf1+ 26. Kxf1 Rxa2 27. Re8+ Kh7 28. Rc8 Rc2 29. Rxc7 a5 30. Ra7 Rxc3 31. Rxa5 Kg6 32. Kf2 Rc6 33. Kf3 Rf6+ 34. Ke3 Rf5 35. Rxf5 Kxf5 36. h3 h5 37. Kd4 g5 38. g3 Kf6 39. g4 h4 40. Ke4 Kg6 41. Ke5 Kf7 1-0

[Event "Scarborough CC Winter End U1800"]
[Site "Toronto CAN"]
[Date "2013.02.14"]
[Round "1"]
[White "Kaneshalingam, Mathanhe"]
[Black "Armstrong, Robert J"]
[Result "1-0"]
[WhiteElo "1475"]
[BlackElo "1632"]
[PlyCount "45"]
[GameId "2160767909381758"]
[EventDate "2013.02.14"]
[EventType "swiss"]
[EventRounds "7"]
[EventCountry "CAN"]

1. d4 f5 2. c4 e6 3. Nc3 Nf6 4. e3 c5 5. Nf3 cxd4 6. exd4 Bb4 7. Bd3 Ne4 8. Qc2 d5 9. cxd5 exd5 10. O-O O-O 11. Nxd5 Ba5 12. Nc3 Nxc3 13. bxc3 Kh8 14. Ba3 Rf6 15. Rfe1 Nc6 16. d5 g6 17. dxc6 Rxc6 18. Bb2 Be6 19. c4+ Kg8 20. Re2 Rac8 21. Nd4 Bxc4 22. Nxc6 Bxd3 23. Qb3+ 1-0

[Event "Scarborough CC Winter End U1800"]
[Site "Toronto CAN"]
[Date "2013.02.21"]
[Round "2"]
[White "Armstrong, Robert J"]
[Black "Aghamalian, Leonid"]
[Result "1/2-1/2"]
[WhiteElo "1632"]
[BlackElo "1427"]
[PlyCount "24"]
[GameId "2160767909381759"]
[EventDate "2013.02.14"]
[EventType "swiss"]
[EventRounds "7"]
[EventCountry "CAN"]

1. g3 d5 2. Bg2 e5 3. c4 Nf6 4. Qb3 Ba3 5. Qxa3 Qe7 6. Qxe7+ Kxe7 7. Nf3 dxc4 8. O-O Rd8 9. Rd1 Bg4 10. h3 Bxf3 11. Bxf3 g6 12. Kg2 Rd4 1/2-1/2

[Event "Scarborough CC Winter End U1800"]
[Site "Toronto CAN"]
[Date "2013.02.21"]
[Round "2"]
[White "Pishdad, Hassan"]
[Black "Ward, Dean"]
[Result "0-1"]
[WhiteElo "1313"]
[BlackElo "1654"]
[PlyCount "66"]
[GameId "2160767909381760"]
[EventDate "2013.02.14"]
[EventType "swiss"]
[EventRounds "7"]
[EventCountry "CAN"]

1. d4 d5 2. c4 e6 3. e3 Nf6 4. Nf3 b6 5. Nc3 dxc4 6. Bxc4 Bb7 7. Be2 Be7 8. O-O O-O 9. a3 Nbd7 10. Qc2 Rc8 11. b4 c5 12. Qb3 cxd4 13. Nxd4 a6 14. Bb2 b5 15. Bf3 Bxf3 16. Nxf3 Rc4 17. Rad1 Qc7 18. Rd4 Nb6 19. Rd3 e5 20. Rdd1 Rg4 21. h3 Rg6 22. Rc1 Nc4 23. Ne2 Qb7 24. Ng3 Ne4 25. Rc2 Nxg3 26. fxg3 Rxg3 27. Nxe5 Rxe3 28. Qa2 Nxe5 29. Bd4 Re4 30. Bxe5 Rxe5 31. Rfc1 Bg5 32. Rf1 Qe7 33. Qb1 Re8 0-1

[Event "Scarborough CC Winter End U1800"]
[Site "Toronto CAN"]
[Date "2013.02.28"]
[Round "3"]
[White "Azizi, Hamid"]
[Black "Armstrong, Robert J"]
[Result "0-1"]
[WhiteElo "1428"]
[BlackElo "1637"]
[PlyCount "136"]
[GameId "2160767909381761"]
[EventDate "2013.02.14"]
[EventType "swiss"]
[EventRounds "7"]
[EventCountry "CAN"]

1. e4 g6 2. d4 Bg7 3. Nf3 d6 4. Be2 Nf6 5. Nc3 O-O 6. O-O Nc6 7. Re1 e5 8. d5 Ne7 9. Bg5 h6 10. Bxf6 Bxf6 11. Nb1 Bg7 12. Nbd2 f5 13. Bd3 f4 14. c4 g5 15. Nxg5 hxg5 16. Qh5 Bf6 17. g3 Qe8 18. Be2 Qxh5 19. Bxh5 Kg7 20. f3 fxg3 21. hxg3 Rh8 22. Bg4 Bxg4 23. fxg4 Ng8 24. Nf3 Rf8 25. Kg2 Nh6 26. Nh2 Bd8 27. Rf1 Rxf1 28. Rxf1 Rf8 29. Rxf8 Kxf8 30. Kf3 Ng8 31. Nf1 Nf6 32. Ne3 Ke7 33. Nf5+ Kd7 34. Ng7 c6 35. Ne6 Ne8 36. Ke3 Nc7 37. Nxc7 Bxc7 38. b4 a5 39. a3 axb4 40. axb4 Bb6+ 41. Kd3 cxd5 42. cxd5 Bf2 43. Kc4 Kc7 44. Kb5 Be1 45. Ka5 b6+ 46. Ka4 b5+ 47. Kxb5 Bxb4 48. Kxb4 Kb6 49. Kc4 Ka5 50. Kc3 Kb5 51. Kd3 Kc5 52. Ke3 Kc4 53. Ke2 Kd4 54. Kf3 Kd3 55. Kf2 Kxe4 56. Ke2 Kxd5 57. Kd3 e4+ 58. Ke3 Ke5 59. Ke2 d5 60. Ke3 d4+ 61. Ke2 d3+ 62. Ke3 Kd5 63. Kd2 Kd4 64. Kd1 e3 65. Ke1 Kc3 66. Kd1 e2+ 67. Ke1 Kc2 68. Kf2 Kd2 0-1

[Event "Scarborough CC Winter End U1800"]
[Site "Toronto CAN"]
[Date "2013.03.07"]
[Round "4"]
[White "Armstrong, Robert J"]
[Black "Kurkowski, Ken"]
[Result "1-0"]
[WhiteElo "1637"]
[BlackElo "1550"]
[PlyCount "107"]
[GameId "2160767909381762"]
[EventDate "2013.02.14"]
[EventType "swiss"]
[EventRounds "7"]
[EventCountry "CAN"]

1. d4 e6 2. c4 f5 3. g3 Nf6 4. Bg2 d5 5. cxd5 exd5 6. Nf3 Bd6 7. O-O O-O 8. Bg5 h6 9. Bd2 Nbd7 10. Nc3 c6 11. Rc1 b6 12. Nh4 Ne4 13. Ng6 Rf6 14. Nf4 Bb7 15. Nd3 Qf8 16. f4 c5 17. e3 Rc8 18. Ne5 Qe7 19. a4 cxd4 20. exd4 Bxe5 21. fxe5 Rg6 22. Rxf5 Qe6 23. Rf4 Nxd2 24. Qxd2 a6 25. Rcf1 Rf8 26. Qd1 Rg5 27. Qb3 Rxf4 28. Rxf4 Nxe5 29. dxe5 Rxe5 30. Rf1 Qd6 31. Qd1 Qc5+ 32. Kh1 Qb4 33. Bxd5+ Bxd5+ 34. Nxd5 Qe4+ 35. Qf3 Qxf3+ 36. Rxf3 Rxd5 37. Rb3 b5 38. a5 Rd1+ 39. Kg2 Ra1 40. Ra3 Rxa3 41. bxa3 Kf7 42. Kf3 Kf6 43. Ke4 Ke6 44. g4 g6 45. h4 g5 46. h5 Kf6 47. Kd5 Kf7 48. Kc6 Ke6 49. Kb6 Ke5 50. Kxa6 Kf4 51. Kxb5 Kxg4 52. a6 Kh3 53. a7 g4 54. a8=Q 1-0

[Event "Scarborough CC Winter End U1800"]
[Site "Toronto CAN"]
[Date "2013.03.07"]
[Round "4"]
[White "Pishdad, Hassan"]
[Black "Azizi, Hamid"]
[Result "0-1"]
[WhiteElo "1328"]
[BlackElo "1428"]
[PlyCount "58"]
[GameId "2160767909381763"]
[EventDate "2013.02.14"]
[EventType "swiss"]
[EventRounds "7"]
[EventCountry "CAN"]

1. d4 c5 2. Nf3 cxd4 3. Nxd4 Nc6 4. Nxc6 bxc6 5. Bf4 Nf6 6. e3 Qa5+ 7. c3 g6 8. h3 Bg7 9. Bd3 e5 10. Bg5 O-O 11. O-O d5 12. Nd2 Nd7 13. Be7 Re8 14. Bb4 Qc7 15. e4 a5 16. Ba3 Nf6 17. Rc1 Be6 18. Qc2 Bh6 19. Rcd1 Qd7 20. Nf3 Bxh3 21. gxh3 Qxh3 22. Qe2 Bf4 23. Bc5 Ng4 24. Be3 Nh2 25. Ng5 Bxg5 26. f4 Nxf1 27. Rxf1 exf4 28. Bxf4 Bxf4 29. Rxf4 Qg3+ 0-1

[Event "Scarborough CC Winter End U1800"]
[Site "Toronto CAN"]
[Date "2013.03.14"]
[Round "5"]
[White "Cai, Jason"]
[Black "Armstrong, Robert J"]
[Result "1-0"]
[WhiteElo "1465"]
[BlackElo "1637"]
[PlyCount "53"]
[GameId "2160767909381764"]
[EventDate "2013.02.14"]
[EventType "swiss"]
[EventRounds "7"]
[EventCountry "CAN"]

1. e4 g6 2. d4 Bg7 3. Nf3 d6 4. Be3 Nf6 5. Nc3 O-O 6. Bc4 Nxe4 7. Nxe4 d5 8. Bxd5 Qxd5 9. Nc3 Qa5 10. O-O Bg4 11. h3 Bf5 12. Qe2 Nc6 13. Rfd1 Rad8 14. Rd2 Rd7 15. Rad1 Rfd8 16. a3 a6 17. Qc4 e5 18. d5 Ne7 19. g4 Bxc2 20. Rxc2 c6 21. Qc5 Qc7 22. Rcd2 Nc8 23. Ne4 Nd6 24. Nxd6 Rxd6 25. Ng5 Bf8 26. Qb6 Qd7 27. Ne4 1-0

[Event "Scarborough CC-ch"]
[Site "Toronto CAN"]
[Date "2013.03.21"]
[Round "1"]
[White "Krupka, David"]
[Black "Southam, David"]
[Result "0-1"]
[WhiteElo "1994"]
[BlackElo "2179"]
[PlyCount "96"]
[GameId "2160767909373031"]
[EventDate "2013.03.21"]
[EventType "tourn"]
[EventRounds "9"]
[EventCountry "CAN"]

1. d4 e6 2. Nf3 f5 3. g3 Nf6 4. Bg2 d5 5. O-O Bd6 6. c4 c6 7. b3 Qe7 8. Nc3 O-O 9. c5 Bc7 10. b4 Ne4 11. Qc2 Nd7 12. Bf4 e5 13. dxe5 Nxe5 14. Nxe5 Bxe5 15. Bxe5 Qxe5 16. Rac1 Be6 17. a3 Rae8 18. e3 Bf7 19. Ne2 g5 20. Qd3 Bg6 21. Qd4 Qxd4 22. Nxd4 f4 23. exf4 gxf4 24. f3 Nd2 25. Rfe1 Nc4 26. Ne6 Rf6 27. Nxf4 Rxe1+ 28. Rxe1 Nxa3 29. Ra1 Nb5 30. Bf1 a6 31. Bxb5 axb5 32. Ra8+ Kg7 33. Rd8 Rf7 34. Kf2 Re7 35. Ne2 Kf7 36. Rd6 Bd3 37. Nd4 Bc4 38. Rh6 Bd3 39. Rd6 Bg6 40. Ne2 Kg7 41. Nf4 Bf7 42. Ne2 Bg6 43. Nf4 Kf7 44. h4 Bc2 45. h5 Bb3 46. Rh6 Kg7 47. Re6 Rd7 48. Re1 d4 0-1

[Event "Scarborough CC-ch"]
[Site "Toronto CAN"]
[Date "2013.03.28"]
[Round "2"]
[White "Verde, Pino"]
[Black "Sharpe, Sam"]
[Result "1-0"]
[WhiteElo "1679"]
[BlackElo "2151"]
[PlyCount "103"]
[GameId "2160767909373032"]
[EventDate "2013.03.21"]
[EventType "tourn"]
[EventRounds "9"]
[EventCountry "CAN"]

1. Nf3 Nf6 2. d3 Nc6 3. e4 e5 4. c3 Be7 5. g3 O-O 6. Bg2 d5 7. Nbd2 Re8 8. O-O a5 9. a4 Bc5 10. Nxe5 Nxe5 11. d4 Bxd4 12. cxd4 Nc6 13. e5 Ne4 14. Nxe4 dxe4 15. Be3 f5 16. Qb3+ Kh8 17. Rad1 Nb4 18. d5 Rxe5 19. d6 cxd6 20. Bd4 Be6 21. Qe3 Nc2 22. Qf4 Nxd4 23. Rxd4 Qe7 24. Rfd1 Ra6 25. Bf1 Rb6 26. Qxe5 dxe5 27. Rd8+ Bg8 28. Bc4 h6 29. Bxg8 Rxb2 30. Be6+ Kh7 31. Bxf5+ g6 32. R1d7 Qg7 33. Rxg7+ Kxg7 34. Bxe4 Rb4 35. Rd7+ Kf6 36. f3 Rxa4 37. Rxb7 Ra2 38. Rb6+ Ke7 39. Rxg6 h5 40. Rg5 Ra1+ 41. Kg2 Ra2+ 42. Kh3 Kd6 43. Rxh5 a4 44. Rh6+ Ke7 45. Kg4 a3 46. h4 Rd2 47. Ra6 a2 48. h5 Rh2 49. Kg5 Kf8 50. Bd5 Rg2 51. Kf6 Ke8 52. g4 1-0

[Event "Scarborough CC-ch"]
[Site "Toronto CAN"]
[Date "2013.04.04"]
[Round "3"]
[White "Southam, David"]
[Black "Verde, Pino"]
[Result "1-0"]
[WhiteElo "2179"]
[BlackElo "1679"]
[PlyCount "73"]
[GameId "2160767909373033"]
[EventDate "2013.03.21"]
[EventType "tourn"]
[EventRounds "9"]
[EventCountry "CAN"]

1. d4 Nf6 2. c4 d6 3. Nc3 g6 4. e4 Bg7 5. Nf3 O-O 6. Be2 c6 7. O-O e5 8. Be3 Nbd7 9. Qd2 Re8 10. d5 Nc5 11. Qc2 cxd5 12. cxd5 a6 13. b4 Ncd7 14. Nd2 b5 15. Nb3 Nb6 16. Na5 Bd7 17. Rac1 Rc8 18. Qd2 Nc4 19. Bxc4 bxc4 20. f3 Nh5 21. a3 f5 22. Nc6 Bxc6 23. dxc6 f4 24. Qd5+ Kh8 25. Bf2 Nf6 26. Qxc4 Qc7 27. Nd5 Nxd5 28. Qxd5 Rb8 29. Rc4 Rb5 30. Qd2 Rd8 31. a4 d5 32. axb5 dxc4 33. b6 Qc8 34. b7 Qc7 35. Qxd8+ Qxd8 36. Ba7 Bf8 37. b8=Q 1-0

[Event "Scarborough CC-ch"]
[Site "Toronto CAN"]
[Date "2013.04.25"]
[Round "6"]
[White "Zotkin, Daniel"]
[Black "Southam, David"]
[Result "0-1"]
[WhiteElo "1844"]
[BlackElo "2179"]
[PlyCount "68"]
[GameId "2160767909373034"]
[EventDate "2013.03.21"]
[EventType "tourn"]
[EventRounds "9"]
[EventCountry "CAN"]

1. e4 e6 2. d4 d5 3. Nc3 Bb4 4. exd5 exd5 5. Bd3 Ne7 6. Qf3 Nbc6 7. Nge2 Be6 8. a3 Bxc3+ 9. bxc3 Qd7 10. Ng3 O-O-O 11. O-O h5 12. h3 h4 13. Ne2 f6 14. Rb1 Rdf8 15. Nf4 Bf7 16. Bd2 g5 17. Ne2 Bh5 18. Qe3 Nf5 19. Bxf5 Qxf5 20. Nc1 Re8 21. Qd3 Qd7 22. Qb5 b6 23. Qa6+ Kd8 24. f3 Ke7 25. Nd3 Kf7 26. Qb5 Re7 27. Rbe1 Rhe8 28. Nb4 Nxb4 29. Qxd7 Rxd7 30. cxb4 Rxe1 31. Rxe1 Bg6 32. c3 Bf5 33. Kf2 Rd6 34. Rc1 Rc6 0-1

[Event "Scarborough CC-ch"]
[Site "Toronto CAN"]
[Date "2013.05.16"]
[Round "9"]
[White "Southam, David"]
[Black "Picana, Andrew"]
[Result "1/2-1/2"]
[WhiteElo "2179"]
[BlackElo "2125"]
[PlyCount "105"]
[GameId "2160767909373035"]
[EventDate "2013.03.21"]
[EventType "tourn"]
[EventRounds "9"]
[EventCountry "CAN"]

1. d4 Nf6 2. c4 c5 3. d5 g6 4. Nc3 Bg7 5. e4 d6 6. Bd3 O-O 7. h3 e5 8. Nge2 Na6 9. Bg5 h6 10. Be3 Nc7 11. Qd2 Kh7 12. g4 a6 13. Ng3 Ng8 14. O-O-O b5 15. Kb1 bxc4 16. Bxc4 Rb8 17. Qe2 Qd7 18. g5 Nb5 19. Nxb5 axb5 20. Bd3 c4 21. Bc2 Ba6 22. b4 cxb3 23. Bxb3 Rfc8 24. h4 Ra8 25. gxh6 b4 26. Qd2 Bf8 27. Rc1 Qb5 28. Rxc8 Rxc8 29. h5 Rc3 30. hxg6+ fxg6 31. Rc1 Qd3+ 32. Qxd3 Bxd3+ 33. Kb2 Rxc1 34. Kxc1 Bxh6 35. Kd2 Bb5 36. Bc2 Nf6 37. Bxh6 Kxh6 38. Bd3 Bd7 39. f3 Nh5 40. Nf1 Nf6 41. Ne3 Kg5 42. Nc2 Kf4 43. Be2 g5 44. Nxb4 g4 45. fxg4 Nxe4+ 46. Kc2 Ke3 47. Bd3 Bxg4 48. Bxe4 Kxe4 49. Kc3 Bd7 50. Kb3 Kd4 51. a4 Kc5 52. a5 Bc8 53. Kc3 1/2-1/2

[Event "Scarborough CC-ch U1400"]
[Site "Toronto CAN"]
[Date "2013.03.21"]
[Round "1"]
[White "Chokshi, Devam"]
[Black "Pishdad, Hassan"]
[Result "0-1"]
[WhiteElo "1004"]
[BlackElo "1275"]
[PlyCount "70"]
[GameId "2160767909373036"]
[EventDate "2013.03.21"]
[EventType "swiss"]
[EventRounds "9"]
[EventCountry "CAN"]

1. e4 c5 2. Nf3 e6 3. Nc3 Nc6 4. d4 d5 5. Bb5 a6 6. Bxc6+ bxc6 7. O-O cxd4 8. Nxd4 Bb7 9. Re1 c5 10. Nf3 d4 11. Ne2 Bxe4 12. Nf4 Nf6 13. Nd2 Be7 14. Nc4 Bb7 15. c3 O-O 16. Bd2 Nd5 17. Nxd5 Qxd5 18. Qf3 Qxf3 19. gxf3 Bxf3 20. Nb6 Rad8 21. Bf4 Bd6 22. Bxd6 Rxd6 23. Nc4 Rd5 24. Re5 Rxe5 25. Nxe5 Be2 26. cxd4 cxd4 27. Rc1 d3 28. Nxd3 Bxd3 29. Rd1 Bc4 30. b3 Bd5 31. Rd3 Rc8 32. Kf1 Rc1+ 33. Ke2 Rc2+ 34. Rd2 Rc1 35. Rd1 Bf3+ 0-1

[Event "Scarborough CC-ch U1400"]
[Site "Toronto CAN"]
[Date "2013.04.11"]
[Round "4"]
[White "Pishdad, Hassan"]
[Black "Maurer, Hans"]
[Result "1-0"]
[WhiteElo "1275"]
[BlackElo "882"]
[PlyCount "63"]
[GameId "2160767909373037"]
[EventDate "2013.03.21"]
[EventType "swiss"]
[EventRounds "9"]
[EventCountry "CAN"]

1. d4 Nf6 2. c4 d5 3. cxd5 Qxd5 4. Nc3 Qf5 5. e3 e5 6. Nf3 Nc6 7. Bb5 Bd7 8. d5 e4 9. Bxc6 bxc6 10. Nd4 Qg5 11. g3 cxd5 12. Qb3 c6 13. Qb7 Rd8 14. Nxc6 Bxc6 15. Qxc6+ Nd7 16. Nxd5 Bb4+ 17. Nxb4 O-O 18. Qxe4 Ne5 19. f4 Nf3+ 20. Qxf3 Qb5 21. a3 a5 22. Nc6 Qb7 23. Kf2 Rd7 24. Nd4 Re8 25. Qxb7 Rxb7 26. Rb1 Rd7 27. Bd2 a4 28. Bc3 Rd5 29. Rhd1 h6 30. g4 h5 31. Nf5 f6 32. Rxd5 1-0

[Event "Scarborough CC-ch U1400"]
[Site "Toronto CAN"]
[Date "2013.04.25"]
[Round "6"]
[White "Magee, Bruce"]
[Black "Pishdad, Hassan"]
[Result "1-0"]
[WhiteElo "988"]
[BlackElo "1275"]
[PlyCount "33"]
[GameId "2160767909373038"]
[EventDate "2013.03.21"]
[EventType "swiss"]
[EventRounds "9"]
[EventCountry "CAN"]

1. e4 c5 2. Nf3 e6 3. d4 d5 4. Nc3 cxd4 5. Nxd4 Bb4 6. Qd3 dxe4 7. Qb5+ Nc6 8. Nxc6 Bxc3+ 9. bxc3 bxc6 10. Qxc6+ Bd7 11. Qxe4 Nf6 12. Qd4 h6 13. Bd3 Qc7 14. Ba3 Rg8 15. O-O Nd5 16. Bh7 e5 17. Qxd5 1-0

[Event "Scarborough CC-ch U1400"]
[Site "Toronto CAN"]
[Date "2013.05.02"]
[Round "7"]
[White "Pishdad, Hassan"]
[Black "Lu, Leo"]
[Result "1-0"]
[WhiteElo "1275"]
[BlackElo "1011"]
[PlyCount "85"]
[GameId "2160767909373039"]
[EventDate "2013.03.21"]
[EventType "swiss"]
[EventRounds "9"]
[EventCountry "CAN"]

1. d4 d5 2. c4 c5 3. dxc5 Qa5+ 4. Nc3 dxc4 5. e3 Qxc5 6. Qa4+ Nc6 7. Qxc4 Qxc4 8. Bxc4 Nb4 9. Bb5+ Bd7 10. Bxd7+ Kxd7 11. Ke2 Rd8 12. a3 Nc6 13. Nf3 Kc8 14. Ng5 Nh6 15. b4 f6 16. Ne6 Rd7 17. Bb2 Rd6 18. Nc5 b6 19. N5e4 Rd8 20. Rhd1 Rxd1 21. Rxd1 f5 22. Ng5 Ne5 23. Nb5 Nc4 24. Rc1 Kb7 25. Rxc4 a6 26. Nd4 b5 27. Rc1 e5 28. Nde6 Bd6 29. h4 Rg8 30. g3 Ng4 31. Nxh7 Rh8 32. Nhg5 Re8 33. f3 Nf6 34. Nc5+ Ka7 35. f4 Ng4 36. Nf7 Bb8 37. Nd7 exf4 38. Nxb8 Nxe3 39. Nc6+ Kb6 40. Kf3 fxg3 41. Bd4+ Kb7 42. Bxe3 g2 43. Nd6+ 1-0

[Event "Scarborough CC-ch U1400"]
[Site "Toronto CAN"]
[Date "2013.05.13"]
[Round "8"]
[White "Pishdad, Hassan"]
[Black "Paraparan, Varshini"]
[Result "1-0"]
[WhiteElo "1275"]
[BlackElo "1290"]
[PlyCount "99"]
[GameId "2160767909373040"]
[EventDate "2013.03.21"]
[EventType "swiss"]
[EventRounds "9"]
[EventCountry "CAN"]

1. d4 Nf6 2. c4 g6 3. Nf3 Bg7 4. e3 O-O 5. Bd3 d6 6. O-O c5 7. Nc3 Nbd7 8. Re1 e5 9. d5 Re8 10. e4 h6 11. Nb5 Nb6 12. a4 a6 13. Nc3 Rb8 14. Be3 Kh7 15. h3 Ng8 16. Qc2 Ne7 17. b3 f5 18. exf5 gxf5 19. Bf1 Ng6 20. Rac1 Qf6 21. Bd2 Nh4 22. Nxh4 Qxh4 23. g3 Qf6 24. f4 e4 25. Re3 Qg6 26. Kh2 Bd4 27. Re2 Bd7 28. Be1 h5 29. h4 Nc8 30. Bh3 Ne7 31. Rg2 Ng8 32. Ne2 Bh8 33. Bc3 Nf6 34. Ba5 b6 35. Be1 Ng4+ 36. Bxg4 Qxg4 37. Ng1 Rg8 38. Qe2 Qg6 39. Bc3 Bd4 40. Nh3 Rbe8 41. Ng5+ Kh6 42. Bd2 Bf6 43. Qe3 Bxg5 44. fxg5+ Kh7 45. Qf4 Rd8 46. Bc3 Rgf8 47. Bf6 Rb8 48. Qxd6 Qf7 49. Be7 Rg8 50. Qh6# 1-0

[Event "Scarborough CC-ch U1400"]
[Site "Toronto CAN"]
[Date "2013.05.16"]
[Round "9"]
[White "Shen, Thomas"]
[Black "Pishdad, Hassan"]
[Result "1-0"]
[WhiteElo "938"]
[BlackElo "1275"]
[PlyCount "101"]
[GameId "2160767909373041"]
[EventDate "2013.03.21"]
[EventType "swiss"]
[EventRounds "9"]
[EventCountry "CAN"]

1. e4 c5 2. Nf3 e6 3. d4 cxd4 4. Qxd4 Nc6 5. Qa4 d5 6. Nc3 Bb4 7. Bd2 dxe4 8. Nxe4 Bxd2+ 9. Nexd2 Nge7 10. O-O-O O-O 11. Bc4 Qa5 12. Qb3 a6 13. Rhe1 b5 14. Bd3 Nb4 15. Be4 Ned5 16. a3 Nc6 17. Bxd5 exd5 18. Qxd5 Bb7 19. Nb3 Qc7 20. Nc5 Rac8 21. Nxb7 Qxb7 22. Ng5 Rfd8 23. Qe4 g6 24. Rxd8+ Rxd8 25. Qh4 f5 26. f3 Qd7 27. a4 bxa4 28. Nxh7 Qxh7 29. Qc4+ Qf7 30. Qxc6 Qa2 31. Re8+ Rxe8 32. Qxe8+ Kg7 33. c3 Qb3 34. Qc6 Qb5 35. Qxb5 axb5 36. Kd2 Kf6 37. Kd3 Ke5 38. g4 fxg4 39. fxg4 Kf4 40. Kd4 Kxg4 41. Kc5 Kh3 42. Kxb5 g5 43. c4 g4 44. c5 Kxh2 45. c6 g3 46. c7 g2 47. c8=Q g1=Q 48. Qh8+ Kg2 49. Qg8+ Kf1 50. Qxg1+ Kxg1 51. Kxa4 1-0

[Event "Scarborough CC-ch U1800"]
[Site "Toronto CAN"]
[Date "2013.03.21"]
[Round "1"]
[White "Dattani, Dinesh"]
[Black "Graham, John"]
[Result "1-0"]
[WhiteElo "1393"]
[BlackElo "1444"]
[PlyCount "107"]
[GameId "2160767909373042"]
[EventDate "2013.03.21"]
[EventType "swiss"]
[EventRounds "9"]
[EventCountry "CAN"]

1. d4 b6 2. Nf3 e6 3. g3 Nc6 4. Bg2 Bb7 5. O-O Nf6 6. Ne5 Qc8 7. Nxc6 dxc6 8. h3 Bd6 9. Nc3 O-O 10. Bg5 Nd5 11. Ne4 Be7 12. Bd2 Ba6 13. Rc1 f5 14. Ng5 h6 15. Nf3 Bd6 16. Ne5 Bxe5 17. dxe5 Qe8 18. c4 Ne7 19. f4 Bb7 20. Qb3 Rd8 21. Bb4 Rf7 22. Rfd1 Rxd1+ 23. Rxd1 a5 24. Bxa5 Qa8 25. Be1 c5 26. Bxb7 Qxb7 27. Rd8+ Rf8 28. Rd7 Ng6 29. Bf2 Qc6 30. Qd3 Rf7 31. Rxf7 Kxf7 32. h4 Nf8 33. h5 Qd7 34. Qxd7+ Nxd7 35. Kg2 g6 36. hxg6+ Kxg6 37. Kf3 h5 38. a3 Nb8 39. e4 Nc6 40. Be1 Nd4+ 41. Ke3 Nc2+ 42. Kd2 Nxe1 43. exf5+ Kxf5 44. Kxe1 c6 45. Kf2 Kg4 46. Kg2 b5 47. b3 Kf5 48. Kh3 Ke4 49. Kh4 Kd4 50. Kxh5 bxc4 51. bxc4 Kxc4 52. f5 Kd5 53. f6 c4 54. f7 1-0

[Event "Scarborough CC-ch U1800"]
[Site "Toronto CAN"]
[Date "2013.03.21"]
[Round "1"]
[White "Huang, Patrick"]
[Black "Armstrong, Robert J"]
[Result "1-0"]
[WhiteElo "1712"]
[BlackElo "1613"]
[PlyCount "37"]
[GameId "2160767909373043"]
[EventDate "2013.03.21"]
[EventType "swiss"]
[EventRounds "9"]
[EventCountry "CAN"]

1. e4 g6 2. d4 Bg7 3. f4 d6 4. Nf3 Nf6 5. Nc3 O-O 6. Bd3 Nc6 7. O-O e5 8. dxe5 dxe5 9. f5 a6 10. Qe1 b5 11. Qh4 Qd6 12. Bh6 Bb7 13. Ng5 gxf5 14. b4 fxe4 15. Bc4 Nxb4 16. Rxf6 Nd3 17. Re1 Nf2 18. g4 Nd3 19. Rxe4 1-0

[Event "Scarborough CC-ch U1800"]
[Site "Toronto CAN"]
[Date "2013.03.28"]
[Round "2"]
[White "Armstrong, Robert J"]
[Black "Kaneshalingam, Mathanhe"]
[Result "1-0"]
[WhiteElo "1613"]
[BlackElo "1595"]
[PlyCount "138"]
[GameId "2160767909373044"]
[EventDate "2013.03.21"]
[EventType "swiss"]
[EventRounds "9"]
[EventCountry "CAN"]

1. g3 d5 2. Bg2 Nf6 3. c4 c6 4. Qb3 e5 5. cxd5 Nxd5 6. Nc3 Nxc3 7. bxc3 Qf6 8. Ba3 Bd6 9. Bxd6 Qxd6 10. a4 O-O 11. Qb4 Qf6 12. a5 Na6 13. Qb2 Rd8 14. Nf3 Qd6 15. O-O Rb8 16. d4 exd4 17. cxd4 Bg4 18. Rfd1 Bxf3 19. Bxf3 Qf6 20. Bg2 Qe7 21. Rab1 Qc7 22. Qc3 h6 23. e4 Rd7 24. d5 cxd5 25. Qxc7 Nxc7 26. exd5 Rd6 27. Rbc1 Na6 28. Rc4 Rbd8 29. Rb1 R6d7 30. Rd4 Rb8 31. d6 b6 32. Bc6 Rdd8 33. axb6 axb6 34. d7 Nc5 35. Rb2 Kf8 36. Re2 Ne6 37. Rd1 Ke7 38. Ra2 g6 39. Rc2 Kf6 40. Bb5 Ke7 41. Rdc1 Nc5 42. Re2+ Ne6 43. f4 Kf6 44. Rd1 Kg7 45. Kg2 h5 46. h3 Kf8 47. Kf3 Ra8 48. Re3 Rab8 49. g4 hxg4+ 50. hxg4 Kg7 51. Kg3 Nc7 52. Bc6 Ne6 53. f5 gxf5 54. gxf5 Nc7 55. Kg4 b5 56. Kg5 Rb6 57. Bf3 b4 58. Bg4 b3 59. Rc3 f6+ 60. Kh4 Rb7 61. Bf3 Rb4+ 62. Kg3 Na6 63. Bc6 b2 64. Rb1 Kf7 65. Re3 Nc7 66. Re2 Rb3+ 67. Kf2 Kg7 68. Rexb2 Rxb2+ 69. Rxb2 Kh6 1-0